All Countries in Euro Truck Simulator 2 with a Map - Statistics

General Stats
  • This quiz has been taken 353 times
    56 since last reset
  • The average score is 34 of 35
Answers on the Map
Answers color-coded by a green-red scale on the quiz's map according to % correct below.
 
Answer Stats
Country % Correct
Belgium
100%
Denmark
100%
Finland
100%
France
100%
Germany
100%
Greece
100%
Italy
100%
Luxembourg
100%
Norway
100%
Poland
100%
Portugal
100%
Russia
100%
Spain
100%
Sweden
100%
United Kingdom
100%
Albania
98%
Austria
98%
Croatia
98%
Estonia
98%
North Macedonia
98%
Romania
98%
Serbia
98%
Bosnia and Herzegovina
96%
Bulgaria
96%
Czech Republic
96%
Hungary
96%
Kosovo
96%
Latvia
96%
Netherlands
96%
Slovakia
96%
Slovenia
96%
Switzerland
96%
Lithuania
94%
Montenegro
94%
Turkey
77%
No matching quizzes found
Score Distribution
Percent of People with Each Score
Percentile by Number Answered
Your Score History
You have not taken this quiz since the last reset